144 words your child will spell by the End of grade 2 / (Record no. 8695)
[ view plain ]
| 000 -LEADER | |
|---|---|
| fixed length control field | 01076nam a22002177a 4500 |
| 001 - CONTROL NUMBER | |
| control field | 8695 |
| 003 - CONTROL NUMBER IDENTIFIER | |
| control field | FISKH |
| 005 - DATE AND TIME OF LATEST TRANSACTION | |
| control field | 20251010154257.0 |
| 008 - FIXED-LENGTH DATA ELEMENTS--GENERAL INFORMATION | |
| fixed length control field | 251010b cb ||||| |||| 00| 0 eng d |
| 020 ## - INTERNATIONAL STANDARD BOOK NUMBER | |
| International Standard Book Number | 9780764193477 |
| 040 ## - CATALOGING SOURCE | |
| Original cataloging agency | FISKH |
| Language of cataloging | eng |
| Transcribing agency | FISKH |
| Modifying agency | FISKH |
| 082 ## - DEWEY DECIMAL CLASSIFICATION NUMBER | |
| Classification number | 372.6 |
| 100 ## - MAIN ENTRY--PERSONAL NAME | |
| Personal name | Ludewig, Lizabeth L. |
| 245 ## - TITLE STATEMENT | |
| Title | 144 words your child will spell by the End of grade 2 / |
| Statement of responsibility, etc. | Lizabeth L. Ludewig, M.Ed. |
| 260 ## - PUBLICATION, DISTRIBUTION, ETC. | |
| Place of publication, distribution, etc. | New York : |
| Name of publisher, distributor, etc. | Barron's, |
| Date of publication, distribution, etc. | 2008. |
| 300 ## - PHYSICAL DESCRIPTION | |
| Extent | 159 pages : |
| Other physical details | color illustrations ; |
| Dimensions | 28 cm |
| 520 ## - SUMMARY, ETC. | |
| Summary, etc. | This book helps children in early elementary grades develop strong spelling and reading foundations. It introduces 144 essential sight and spelling words appropriate for Grade 2, with fun activities and games designed to improve word recognition, pronunciation, and vocabulary. The accompanying CD-ROM (included in some editions) provides interactive spelling exercises to reinforce learning. The book supports both classroom and at-home learning. |
| 650 ## - SUBJECT ADDED ENTRY--TOPICAL TERM | |
| Topical term or geographic name entry element | Spelling |
| Form subdivision | Early Literacy |
| Chronological subdivision | Language Arts |
| 942 ## - ADDED ENTRY ELEMENTS (KOHA) | |
| Source of classification or shelving scheme | Dewey Decimal Classification |
| Koha item type | Books |
| Suppress in OPAC | No |
| Withdrawn status | Lost status | Source of classification or shelving scheme | Damaged status | Not for loan | Collection | Home library | Current library | Shelving location | Date acquired | Total Checkouts | Full call number | Barcode | Date last seen | Copy number | Price effective from | Koha item type |
|---|---|---|---|---|---|---|---|---|---|---|---|---|---|---|---|---|
| Dewey Decimal Classification | Reference | Footprints International School Library Network Toul Kork Campus | Footprints International School Library Network Toul Kork Campus | Librarian's Shelf TK | 10/10/2025 | LUD 372.6 PZ7 | 2025-4543 | 10/10/2025 | 1 | 10/10/2025 | Books |
